Die Gerichtshilfe und ihr Einbau in das Erkenntnisverfahren des überkommenen Strafprozesses

Freiburg i. Br., Univ., Diss., 1980

Saved in:  
Bibliographic Details
Main Author: Lange, Hubertus (Author)
Format: Print Book
Language:German
Published: 1980
In:Year: 1980
Availability in Albert-Krebs Library:LP.80.007
2015-456
Check availability: HBZ Gateway
Subito Delivery Service: Order now.
Keywords:

MARC

LEADER 00000cam a2200000 c 4500
001 027272419
003 DE-627
005 20221206082919.0
007 tu
008 710101s1980 gw ||||| m 00| ||ger c
035 |a (DE-627)027272419 
035 |a (DE-576)9027272417 
035 |a (DE-599)GBV027272419 
035 |a (OCoLC)163672489 
040 |a DE-627  |b ger  |c DE-627  |e rakwb 
041 |a ger 
044 |c XA-DE 
084 |a R 514  |2 sfb 
084 |a 2,1  |2 ssgn 
084 |a 86.36  |2 bkl 
100 1 |a Lange, Hubertus  |4 aut 
245 1 4 |a Die Gerichtshilfe und ihr Einbau in das Erkenntnisverfahren des überkommenen Strafprozesses  |c von Hubertus Lange 
264 1 |c 1980 
300 |a XXIX, 286 S. 
336 |a Text  |b txt  |2 rdacontent 
337 |a ohne Hilfsmittel zu benutzen  |b n  |2 rdamedia 
338 |a Band  |b nc  |2 rdacarrier 
502 |a Freiburg (Breisgau), Univ., Diss., 1980 
520 |a Freiburg i. Br., Univ., Diss., 1980 
650 4 |a Gerichtshilfe  |7 (dpeaa)DE-2619 
655 7 |a Hochschulschrift  |0 (DE-588)4113937-9  |0 (DE-627)105825778  |0 (DE-576)209480580  |2 gnd-content 
751 |a Freiburg (Breisgau)  |4 uvp 
935 |a mkri 
936 b k |a 86.36  |j Strafprozessrecht  |0 (DE-627)106413570 
951 |a BO 
ELC |b 1 
LOK |0 000 xxxxxcx a22 zn 4500 
LOK |0 001 4196261256 
LOK |0 003 DE-627 
LOK |0 004 027272419 
LOK |0 005 20221011150616 
LOK |0 008 221011||||||||||||||||ger||||||| 
LOK |0 035   |a (DE-2619)k03577 
LOK |0 040   |a DE-2619  |c DE-627  |d DE-2619 
LOK |0 092   |o n 
LOK |0 541   |e Bestand Albert-Krebs-Bibliothek: 2015-456 
LOK |0 852   |a DE-2619 
LOK |0 852 1  |c LP.80.007  |m p  |9 00 
LOK |0 935   |a kreb 
LOK |0 938   |k p 
LOK |0 939   |a 11-10-22  |b l01 
ORI |a SA-MARC-krimdoka001.raw